ბათუმის შოთა რუსთაველის სახელმწიფო უნივერსიტეტის ბიბლიოთეკა

ევროპის კავშირის ქარტია ძირითადი უფლებების შესახებ / (ბიბ.ჩანაწერი № 58161)

000 -ლიდერი
ფიქსირებული სიგრძის საკონტროლო ველი 01748nam a22002537a 4500
003 - საკონტროლო ნომრის იდენტიფიკატორი
საკონტროლო ველი Ge_BSU
005 - ბოლო ოპერაციის თარიღი და დრო
საკონტროლო ველი 20210714134046.0
008 - ფიქსირებული სიგრძის მონაცემთა ელემენტები - ზოგადი ინფორმაცია
ფიქსირებული სიგრძის საკონტროლო ველი 210714s2020 ge ||||| |||| 00| 0 geo d
020 ## - წიგნის საერთაშორისო სტანდარტული ნომერი
International Standard Book Number 9789941828430
041 ## - ენის კოდი
Language code of text/sound track or separate title geo
080 ## - უნივერსალური ათობითი კლასიფიკაციის ინდექსი
Universal Decimal Classification number 327(4) ე-34
245 ## - ცნობა სათაურის შესახებ
Title ევროპის კავშირის ქარტია ძირითადი უფლებების შესახებ /
Statement of responsibility, etc თამარ ლაკერბაიას, გვანცა გუგეშაშვილის და ნონა გელაშვილის თარგმანი; სულხან-საბა ორბელიანის უნივერსიტეტის მიშელ მუსხელის ინსტიტუტი.
264 ## - წარმოების, გამოცემის, დისტრიბუციის და სხვა ცნობები
გამოცემის, წარმოების, დისტრიბუციის... ადგილი თბილისი :
გამოცემის, წარმოების, დისტრიბუციის... სახელწოდება სულხან-საბა ორბელიანის უნივერსიტეტის გამომცემლობა,
გამოცემის, წარმოების, დისტრიბუციის... თარიღი 2020.
300 ## - ფიზიკური აღწერა
Extent 25 გვ. ;
Other physical details 18 სმ.
653 ## - INDEX TERM--UNCONTROLLED
Uncontrolled term ევროპის კავშირი
653 ## - INDEX TERM--UNCONTROLLED
Uncontrolled term ძირითადი უფლებები
653 ## - INDEX TERM--UNCONTROLLED
Uncontrolled term პოლიტიკა
653 ## - INDEX TERM--UNCONTROLLED
Uncontrolled term ადამიანის თავისუფლება
700 ## - ADDED ENTRY--PERSONAL NAME
Personal name ლაკერბაია, თამარ
Relator term მთარგმნელი
9 (RLIN) 12250
700 ## - ADDED ENTRY--PERSONAL NAME
Personal name გუგეშაშვილი, გვანცა
Relator term მთარგმნელი
9 (RLIN) 12251
700 ## - ADDED ENTRY--PERSONAL NAME
Personal name გელაშვილი, ნონა
Relator term მთარგმნელი
9 (RLIN) 2998
710 ## - ADDED ENTRY--CORPORATE NAME
Corporate name or jurisdiction name as entry element სულხან-საბა ორბელიანის უნივერსიტეტი
Subordinate unit მიშელ მუსხელის ინსტიტუტი
9 (RLIN) 12252
942 ## - ADDED ENTRY ELEMENTS (KOHA)
Source of classification or shelving scheme
Koha item type წიგნი
ეგზემპლარები
ჩამოწერის სტატუსი დაკარგული ეგზემპლარის სტატუსი კლასიფიკაციის წყარო ან თაროზე გაწყობის სქემა დაზიანების სტატუსი არ გაიცემა მუდმივი მდებარეობა (დაცვის ადგილი) ამჟამინდელი ადგილსამყოფელი თაროზე განთავსების ადგილი შეძენის თარიღი ღირებულება, შესყიდვის ნორმალური ფასი სრული შენახვის შიფრი შტრიხკოდი ბოლო ოპერაციის თარიღი ეგზემპლარის მიმდევრობითი ნომერი (კეტერი?) ფასის ძალაში შესვლის თარიღი ეგზემპლარის სახეობა საჯარო შენიშვნა
          ბათუმის შოთა რუსთაველის სახელმწიფო უნივერსიტეტის მთავარი ბიბლიოთეკა ბათუმის შოთა რუსთაველის სახელმწიფო უნივერსიტეტის მთავარი ბიბლიოთეკა წიგნსაცავი 2021-07-14 4.00 327(4) ე-34 61472 2021-07-14 61472 2021-07-14 წიგნი 4 ლ.
          ბათუმის შოთა რუსთაველის სახელმწიფო უნივერსიტეტის მთავარი ბიბლიოთეკა ბათუმის შოთა რუსთაველის სახელმწიფო უნივერსიტეტის მთავარი ბიბლიოთეკა წიგნსაცავი 2021-07-14 4.00 327(4) ე-34 61473 2021-07-14 61473 2021-07-14 წიგნი 4 ლ.
          ბათუმის შოთა რუსთაველის სახელმწიფო უნივერსიტეტის მთავარი ბიბლიოთეკა ბათუმის შოთა რუსთაველის სახელმწიფო უნივერსიტეტის მთავარი ბიბლიოთეკა წიგნსაცავი 2021-10-12 4.00 327(4) ე-34 61823 2021-10-12 61823 2021-10-12 წიგნი 4 ლ.
          ბათუმის შოთა რუსთაველის სახელმწიფო უნივერსიტეტის მთავარი ბიბლიოთეკა ბათუმის შოთა რუსთაველის სახელმწიფო უნივერსიტეტის მთავარი ბიბლიოთეკა წიგნსაცავი 2021-12-20 4.00 327(4) ე-34 62076 2021-12-20 62076 2021-12-20 წიგნი 4.00